000 00761nam a22002297a 4500
999 _c22566
_d22566
003 AR-CdUCM
008 190423b ||||| |||| 00| 0 spa d
020 _a9786124792663
040 _aMUNICIPALIDAD PROVINCIAL DEL CUSCO
_cBIBLIOTECA MUNICIPAL DEL CUSCO
041 _hspa
082 _aES/869.56/M2617
_bM2617
100 _aMartos, Marco
_91115
245 _aPiura, espejismo de eternidad /
_cMarco Martos ; [edición a cargo de Houdini Chardin Guerrero Torres]
260 _aSullana :
_bSietevientos Editores,
_c2019.
300 _a293 páginas. :
_c17 cm.
650 _aPoesías peruanas
_948526
650 _aPoesías
_948527
650 _aSiglo XX
_948528
700 _aGuerrero Torres, Houdini
_eeditor
_948529
942 _2ddc
_cLIBROS
945 _arac